000 00815nab a2200253 u 4500
001 20978
003 HDC
007 cr bn ---aaaaa
008 210306c20070721xx dr|noo 0 a eng d
040 _aHDC
100 _aAhmed ElAmin
_eauthor
_916376
245 0 _aUK regulator to charge fees for meat inspections / by
_cAhmed ElAmin
300 _a1 online resource
336 _atext
_2rdacontent
337 _acomputer
_2rdamedia
338 _aonline resource
_2rdacarrier
650 _aMeat industry
_92353
650 _ameat inspections
_918735
710 _aHalal Focus
856 _zRequest full-text at [email protected]
942 _2lcc
942 _cNEWS
942 _kNWSO 006488
999 _c18294
_d18294